000 00659nam a22001937a 4500
005 20160712103434.0
010 _aENG-115379
020 _a9789380574608
_c1500.00
035 _aEN-98911
037 _bDBAD/PUB
082 _a726.14509543
100 _aAdhikari,Swati Mondal
245 _aSome paramara temples from Madhya Pradesh :
_ba case study of viilage un /
_cSwati Mondal Adhikari
260 _aDelhi
_bBookwell
_c2014
270 _a3/79,Nirankari Colony
_bDelhi
_e110009
300 _a158p. :
_bill.(map and figures)
_c27cm(Hb)
500 _aIncludes glossary and bibliographical references
942 _2ddc
_cEN
_h726.14509543
_mADH
999 _c101172
_d101172